000 00717nam a2200229Ia 4500
005 20241129104219.0
008 241129s9999||||xx |||||||||||||| ||und||
020 _a9789811249860
037 _aTextual
040 _aRTL
_beng
_cRTL
041 _aeng
_2eng
084 _aX:54.1 R2
_qRTL
100 _aKarp Larry S
_9725265
245 0 _aLecture notes in international trade theory: Classical trade and applications
_cKarp Larry S
260 _aNew Jersey
_bWorld Scientific
_c2022
300 _axviii,284p.
365 _aINR
_b8189.86
490 _aWorld Scientific Lecture notes in Economics and Policy; Vol.10
650 _aEconomics
942 _cTB
_hX:54.1 R2
999 _c1224911
_d1224911